[Event "Let's Play Chess!"]
[Site "http://www.queenalice.com/game.php?id=1439501"]
[Date "2016.9.4"]
[Round "-"]
[White "FV2000"]
[Black "Rider"]
[Result "0-1"]
[WhiteElo "1295"]
[BlackElo "1620"]

1. e4 e5 2. Nf3 d6 3. h3 Be6 4. Bb5+ c6 5. Ba4 Qa5 6. Nc3 Nd7 7. d3 Nc5 8. b3
Qxc3+ 9. Bd2 Qb2 10. O-O Nxa4 11. c4 Nc3 12. Qe1 Nxa2 13. Bc3 Nxc3 0-1

[Event "Challenge"]
[Site "http://www.queenalice.com/game.php?id=1439567"]
[Date "2016.9.4"]
[Round "-"]
[White "Vin100"]
[Black "FV2000"]
[Result "1-0"]
[WhiteElo "1578"]
[BlackElo "1291"]

1. e4 e5 2. Nf3 Nc6 3. d3 Bc5 4. Nc3 h6 5. Be3 Bb6 6. Nd5 Nf6 7. c3 d6 8. b4
Nxd5 9. exd5 Ne7 10. c4 Bg4 11. h3 Bh5 12. g4 Bg6 13. Bg2 O-O 14. O-O Re8 15. g5
Nf5 16. Qc2 Bxe3 17. fxe3 hxg5 18. a4 Nxe3 19. Qd2 Nxf1 20. Rxf1 e4 21. dxe4
Rxe4 22. Qc3 Qd7 23. Nxg5 Qf5 24. Nxe4 Qd7 25. h4 Re8 26. Re1 Kh8 27. Bf3 Bxe4
28. Bxe4 Qg4+ 29. Bg2 Rxe1+ 30. Qxe1 Qxc4 31. Qe8+ Kh7 32. Be4+ Kh6 33. Qh8# 1-0

[Event "Let's Play Chess!"]
[Site "http://www.queenalice.com/game.php?id=1440380"]
[Date "2016.9.9"]
[Round "-"]
[White "FV2000"]
[Black "manuelito"]
[Result "1-0"]
[WhiteElo "1315"]
[BlackElo "1527"]

1. e4 e5 2. Nf3 d6 3. Bc4 h6 4. h3 Nc6 5. Nc3 Nf6 6. d3 Be6 7. Bxe6 fxe6 8. b3
Be7 9. O-O Qd7 10. Re1 O-O-O 11. Bb2 Nd4 12. a4 Rhf8 13. Nxd4 exd4 14. Nb5 a6
15. Nxd4 e5 16. Nf3 Kb8 17. c4 g5 18. d4 exd4 19. Bxd4 c5 20. Bxf6 Bxf6 21. e5
Bg7 22. Ra2 d5 23. Rd2 d4 24. e6 Qe7 25. Ne5 Bxe5 26. Rxe5 Rf6 27. Qg4 Rd6 28.
Rde2 d3 29. Rd2 Rd4 30. Re4 Rxe6 31. Rxe6 Rxg4 32. Rxe7 Rd4 33. Re3 b5 34. axb5
axb5 35. cxb5 Rb4 36. Rdxd3 Rxb5 37. Rd6 h5 38. Rh6 h4 39. Re7 Rxb3 40. Rh8# 1-0

[Event "Let's Play!"]
[Site "http://www.queenalice.com/game.php?id=1441667"]
[Date "2016.9.17"]
[Round "-"]
[White "digger"]
[Black "FV2000"]
[Result "0-1"]
[WhiteElo "1613"]
[BlackElo "1366"]

1. e4 e5 2. d3 Nc6 3. Nf3 Nf6 4. Bg5 h6 5. Be3 Bb4+ 6. c3 Ba5 7. b4 Bb6 8. Bxb6
axb6 9. a3 d6 10. b5 Na5 11. d4 Bg4 12. h3 Bh5 13. g4 Bg6 14. Nfd2 O-O 15. Bg2
Re8 16. c4 c6 17. Ra2 exd4 18. f3 d5 19. cxd5 cxd5 20. a4 dxe4 21. fxe4 Nxe4 22.
Nxe4 Bxe4 23. Bxe4 Rxe4+ 24. Kd2 Qg5+ 25. Kd3 Qe3+ 26. Kc2 d3+ 27. Kc3 d2+ 28.
Kc2 Qb3+ 29. Kxd2 Rd8+ 30. Kc1 Rc4+ 31. Rc2 Rxd1+ 32. Kxd1 Qxc2+ 33. Ke1 Qxb1+
34. Kf2 Qxh1 35. Kg3 g5 36. Kf2 Rc3 37. Ke2 Qc1 38. Kf2 Qd2+ 39. Kf1 Rc1# 0-1

[Event "Let's Play Chess!"]
[Site "http://www.queenalice.com/game.php?id=1441749"]
[Date "2016.9.18"]
[Round "-"]
[White "FV2000"]
[Black "Daniel1962"]
[Result "0-1"]
[WhiteElo "1339"]
[BlackElo "1772"]

1. e4 c5 2. Nf3 Nf6 3. Nc3 e6 4. Bc4 Bd6 5. d3 Nc6 6. O-O Ng4 7. h3 Nge5 8. Re1
h6 9. Bf4 Qf6 10. a3 Qxf4 11. b4 cxb4 12. axb4 Nxf3+ 13. Qxf3 Qh2+ 14. Kf1 Nd4
15. Qh5 Qh1# 0-1

[Event "Let's Play Chess!"]
[Site "http://www.queenalice.com/game.php?id=1443077"]
[Date "2016.9.27"]
[Round "-"]
[White "FV2000"]
[Black "jsiebel"]
[Result "1-0"]
[WhiteElo "1410"]
[BlackElo "1544"]

1. e4 e5 2. Nf3 Nc6 3. Bc4 Nf6 4. Nc3 Bc5 5. d3 O-O 6. Bg5 h6 7. Bh4 g5 8. Bg3
Ng4 9. O-O Bd4 10. Qd2 a6 11. a4 Qf6 12. h3 Nxf2 13. Rxf2 d6 14. Nd5 Qg6 15.
Nxd4 exd4 16. Nxc7 b5 17. axb5 Bb7 18. Nxa8 Bxa8 19. bxc6 1-0

[Event "Let's Play Chess!"]
[Site "http://www.queenalice.com/game.php?id=1443078"]
[Date "2016.9.27"]
[Round "-"]
[White "krystian"]
[Black "FV2000"]
[Result "1-0"]
[WhiteElo "1549"]
[BlackElo "1451"]

1. e4 e5 2. Nf3 Nc6 3. Bb5 Nf6 4. Bxc6 bxc6 5. O-O Bb7 6. d4 Nxe4 7. Nxe5 d6 8.
Nf3 Nf6 9. Bg5 h6 10. Bf4 d5 11. Re1+ Be7 12. Nbd2 O-O 13. c4 c5 14. a3 cxd4 15.
Nxd4 c5 16. Nf5 Re8 17. Nf3 dxc4 18. Nxe7+ Rxe7 19. Qxd8+ Rxd8 20. Rxe7 Bxf3 21.
gxf3 g5 22. Be3 Nd5 23. Rxa7 Rc8 24. Kg2 f5 25. Rd1 Nb6 26. f4 g4 27. f3 1-0

[Event "Let's Play Chess!"]
[Site "http://www.queenalice.com/game.php?id=1444239"]
[Date "2016.10.5"]
[Round "-"]
[White "FV2000"]
[Black "PU1JQF"]
[Result "1-0"]
[WhiteElo "1453"]
[BlackElo "1389"]

1. e4 d5 2. exd5 Qxd5 3. Nc3 Qe5+ 4. Be2 Bf5 5. Nf3 Qf6 6. O-O Nc6 7. Nd5 Qd6 8.
c4 e6 9. Ne3 O-O-O 10. a3 Be7 11. b4 g5 12. c5 Qd7 13. Bb2 Nf6 14. Nxg5 Bf8 15.
Bxf6 Be7 16. Bxh8 Rxh8 17. Nxf7 Rf8 18. Nh6 Be4 19. Bf3 Bxf3 20. gxf3 Ne5 21.
Kg2 Qd4 22. f4 Qe4+ 23. f3 Qxf4 24. Nhg4 Qxf3+ 25. Rxf3 Nxf3 26. Qc2 Nd4 27. Qc4
Nc6 28. Qxe6+ Kd8 29. Nd5 Re8 30. Nxe7 Rxe7 31. Qg8+ Re8 32. Qxh7 Ne7 33. Re1 b6
34. Nf6 bxc5 35. Nxe8 Kd7 36. Qxe7+ Kc6 37. Qxc7+ Kd5 38. Qxc5# 1-0

[Event "Challenge"]
[Site "http://www.queenalice.com/game.php?id=1444887"]
[Date "2016.10.9"]
[Round "-"]
[White "cyrillt"]
[Black "FV2000"]
[Result "0-1"]
[WhiteElo "1440"]
[BlackElo "1420"]

1. e4 Nc6 2. d4 d5 3. exd5 Qxd5 4. Nf3 Bg4 5. Be2 Nf6 6. Nc3 Bxf3 7. Bxf3 Qxd4
8. Qxd4 Nxd4 9. Bxb7 Rb8 10. Ba6 Nxc2+ 11. Kd1 Nxa1 12. Ke2 e5 13. Be3 Nc2 14.
Bxa7 Rxb2 15. Kd3 Nb4+ 16. Kc4 Nxa6 17. a4 Rb4+ 18. Kd3 Nc5+ 19. Ke3 Ng4+ 20.
Kf3 Nxa4 21. Nd5 Rc4 22. h3 Nf6 23. Ne3 Bc5 24. Bb8 Bd6 25. Nxc4 O-O 26. Ba7 e4+
27. Ke3 h6 28. g4 Bc5+ 29. Ke2 Bxa7 30. Ra1 Nc3+ 31. Kd2 Ncd5 32. Rxa7 c6 33.
Ra5 Rd8 34. Rc5 Nf4+ 35. Ke3 Ng2+ 36. Ke2 Nf4+ 37. Ke3 Nxh3 38. Rxc6 Nxg4+ 39.
Kxe4 Ngxf2+ 40. Kf3 f5 41. Nd6 f4 42. Nf5 Rd3+ 43. Ke2 f3+ 44. Ke1 Rd1# 0-1

[Event "Challenge"]
[Site "http://www.queenalice.com/game.php?id=1444888"]
[Date "2016.10.9"]
[Round "-"]
[White "cyrillt"]
[Black "FV2000"]
[Result "1-0"]
[WhiteElo "1398"]
[BlackElo "1454"]

1. d4 Nf6 2. Nc3 d5 3. Nf3 Nc6 4. Bf4 a6 5. e3 e6 6. a3 Bd6 7. Bxd6 Qxd6 8. b4
O-O 9. Bd3 h6 10. O-O b5 11. Ne2 Bb7 12. c3 Ng4 13. Ng3 Ne7 14. a4 Nf5 15. Bxf5
exf5 16. Nxf5 Qf6 17. Qd3 Bc8 18. e4 dxe4 19. Qxe4 Bxf5 20. Qf4 g5 21. Qxc7 Rac8
22. Qa7 Rxc3 23. axb5 axb5 24. Ra6 Be6 25. d5 Qf4 26. dxe6 Rxf3 27. g3 Qxb4 28.
Qb7 fxe6 29. Rxe6 Qc5 30. Rg6+ 1-0

[Event "Challenge"]
[Site "http://www.queenalice.com/game.php?id=1444889"]
[Date "2016.10.9"]
[Round "-"]
[White "cyrillt"]
[Black "FV2000"]
[Result "0-1"]
[WhiteElo "1425"]
[BlackElo "1437"]

1. e4 e5 2. Nf3 Nc6 3. c3 Nf6 4. d3 h6 5. Be3 b6 6. d4 exd4 7. cxd4 Nxe4 8. Bb5
Bb7 9. O-O Bd6 10. Nc3 Nf6 11. a3 O-O 12. b4 Ng4 13. Ne4 Qe7 14. Ng3 Nxe3 15.
fxe3 Qxe3+ 16. Kh1 a5 17. Nf5 Qe4 18. Bd3 Qf4 19. g3 Qg4 20. Nxd6 cxd6 21. Qc2
axb4 22. a4 Nxd4 23. Qd1 Nxf3 24. Rf2 Rfe8 25. Bf1 Ne1+ 26. Kg1 Qe4 27. Rg2 Qe3+
28. Kh1 Nf3 29. Bc4 Qe4 30. Bd3 Qe1+ 31. Qxe1 Nxe1 32. Kg1 Bxg2 33. h4 Re3 34.
Bf1 Rxg3 35. Rxe1 Bxf1+ 36. Kxf1 b3 37. Kf2 Rc3 38. Rb1 Rc2+ 39. Ke3 b2 40. Kd3
Rac8 41. h5 Rh2 42. Kd4 Rc1 43. Rxc1 bxc1=Q 44. Kd5 Rh4 45. Kxd6 Qc5+ 46. Kxd7
Rd4+ 47. Ke8 Qe5# 0-1

[Event "Challenge"]
[Site "http://www.queenalice.com/game.php?id=1444890"]
[Date "2016.10.9"]
[Round "-"]
[White "cyrillt"]
[Black "FV2000"]
[Result "0-1"]
[WhiteElo "1400"]
[BlackElo "1439"]

1. e4 e5 2. Nc3 Nf6 3. Bc4 Nc6 4. Nf3 h6 5. d3 Bb4 6. Bd2 O-O 7. a3 Bc5 8. b4
Bb6 9. Nd5 d6 10. Ba2 Re8 11. c4 Ng4 12. O-O Nd4 13. Nxd4 Bxd4 14. Rb1 Qh4 15.
h3 Bxf2+ 16. Kh1 Qg3 17. hxg4 Qh4# 0-1

[Event "Challenge"]
[Site "http://www.queenalice.com/game.php?id=1444891"]
[Date "2016.10.9"]
[Round "-"]
[White "cyrillt"]
[Black "FV2000"]
[Result "0-1"]
[WhiteElo "1386"]
[BlackElo "1435"]

1. e4 e5 2. Nc3 Nf6 3. d4 Bb4 4. Nf3 exd4 5. Nxd4 h6 6. Bd2 Nc6 7. Nf5 O-O 8.
Bd3 d6 9. O-O Re8 10. Qf3 Bxf5 11. Qxf5 Nd4 12. a3 Nxf5 13. exf5 Bxc3 14. Bxc3
Nd5 15. Bd4 Qh4 16. Bc4 c6 17. b4 Qxd4 18. Bb3 Qg4 19. c4 Nf4 20. g3 Ne2+ 21.
Kh1 Qf3# 0-1

[Event "Challenge"]
[Site "http://www.queenalice.com/game.php?id=1445963"]
[Date "2016.10.15"]
[Round "-"]
[White "cyrillt"]
[Black "FV2000"]
[Result "1-0"]
[WhiteElo "1424"]
[BlackElo "1436"]

1. e4 e5 2. c3 Nc6 3. d4 Nf6 4. dxe5 Nxe5 5. Qc2 Bc5 6. b4 Bb6 7. a4 a6 8. Be2
h6 9. Nf3 d6 10. O-O O-O 11. b5 axb5 12. Bb2 Bg4 13. c4 bxc4 14. Nc3 Qd7 15. Ba3
Rfe8 16. Nd5 Nxd5 17. exd5 Rxa4 18. Nxe5 dxe5 19. Bxc4 c6 20. Qxa4 Bd4 21. Rad1
b5 22. dxc6 Qxc6 23. Bxb5 Bxd1 24. Rxd1 Bxf2+ 25. Kxf2 Qf6+ 26. Kg1 Rc8 27. Ba6
Ra8 28. Rd6 Qf5 29. Qb5 Qe4 30. Bb4 Qb1+ 31. Kf2 Qf5+ 32. Kg1 Kh7 33. Bc3 f6 34.
Qe2 Rb8 35. Bd3 1-0